000
00282nam a2200109Ia 4500
008
220214s9999 xx 000 0 und d
100
_a
Davies Barbara
245
0
_a
Natural rubber-Its engineering characteristics
260
_b
Materials and Design
300
_a
Varying
942
_c
RE
999
_c
46193
_d
46193